Loading...
الحياة الأدبية في عصر الحروب الصيلبية بمصر و الشام /
| Main Author: | |
|---|---|
| Format: | Printed Book |
| LEADER | 00510nam a2200109Ia 4500 | ||
|---|---|---|---|
| 008 | 150527150527b xxu||||| |||| 00| 0 ara d | ||
| 082 | |a 810.094 | ||
| 100 | |a بدوي ، أحمد أحمد | ||
| 245 | |c by بدوي ، أحمد أحمد |a الحياة الأدبية في عصر الحروب الصيلبية بمصر و الشام / | ||
| 942 | |c BK | ||
| 999 | |c 171971 |d 171971 | ||
| 952 | |0 0 |1 0 |4 0 |6 810_094000000000000_بدو_ا |7 0 |9 190642 |a ARA |b ARA |c ST1 |d 2015-05-27 |i 5158 |l 0 |o 810.094 بدو/ا |p ARA005158 |r 2015-05-27 |w 2015-05-27 |y BK | ||